| 000 | 00880cam a22002655a 4500 | ||
|---|---|---|---|
| 001 | 009794805 | ||
| 005 | 20180129113921.0 | ||
| 008 | 930202s1993 nyua frb 001 0 eng d | ||
| 020 | _a9780071126007 | ||
| 020 | _a0071126007 | ||
| 040 |
_aWhitaker _dUk _dEG-ScBUE _beng |
||
| 082 | 0 | 4 |
_222 _a621.3815324 _bANT |
| 100 | 1 | _aAntoniou, Andreas. | |
| 245 | 1 | 0 |
_aDigital filters : _banalysis, design and applications / _cAndreas Antoniou. |
| 250 | _a2nd ed., International ed. | ||
| 260 |
_aNew York : _bMcGraw-Hill, _c1993. |
||
| 300 |
_axxvi, 689 p. : _bill. ; _c24 cm. |
||
| 490 | 0 | _aMcGraw-Hill series in electrical and computer engineering. | |
| 504 | _aIncludes bibliographical references and index. | ||
| 541 | _aDonation from Adham Naji. | ||
| 650 | 7 |
_2BUEsh _aElectric filters, Digital. _93815 |
|
| 651 | _2BUEsh | ||
| 653 |
_bENGELC _bGGEN _cJanuary2018 |
||
| 942 | _2ddc | ||
| 999 |
_c26033 _d26005 |
||